La Prensa, las encuestas y el presidente
Este artículo habla básicamente sobre la labor del presidente salvadoreño Francisco Flores y la opinión pública al respecto. Aunque encuestas de opinión dicen que ha mejorado la imagen presidencial, lo cierto es que no han habido muchos logros en su administración. El artículo ofrece algunas recomen...
Guardado en:
| 格式: | Texto |
|---|---|
| 主題: | |
| 標簽: |
添加標簽
沒有標簽, 成為第一個標記此記錄!
|
MARC
| LEADER | 00000 a a2200000 04500 | ||
|---|---|---|---|
| 001 | 6482 | ||
| 003 | |||
| 040 | |||
| 245 | |a La Prensa, las encuestas y el presidente | ||
| 520 | |a Este artículo habla básicamente sobre la labor del presidente salvadoreño Francisco Flores y la opinión pública al respecto. Aunque encuestas de opinión dicen que ha mejorado la imagen presidencial, lo cierto es que no han habido muchos logros en su administración. El artículo ofrece algunas recomendaciones a los periodistas para que puedan constatar y verificar el desempeño del gobierno y de la policía. Se destacan algunos puntos de las investigaciones periodísticas realizadas por El Diario de Hoy y la Prensa Gráfica. /MSD | ||
| 650 | |a GOBIERNO | ||
| 650 | |a OPINION PUBLICA | ||
| 650 | |a ENCUESTAS DE OPINION PUBLICA | ||
| 650 | |a PRENSA | ||
| 650 | |a INVESTIGACION | ||
| 650 | |a FUNCION PUBLICA | ||
| 773 | |g volumen 22, número 954; páginas 8-10 | ||
| 999 | |c 37843 |d 37843 | ||
